00562nam a2200205Ia 450000500170000000800410001702000160005804000190007404100120009308200160010510000160012124500430013726000360018030000390021644000230025550400360027865000160031465100160033085000100034620220708154759.0131103s9999 xx 000 0 und d a071210710 X aLoreto College aEnglish a307.14bHUD aHudson,F.S. 2aA geography of settlementscF.S.Hudson aLondonbMacDonald & Evansc1970 axviii, 364 p.b ill., fig., photos aAspect geographies aIncludes bibliography and index aCommunities aCommunities aLCLIB